Culture générale ! Une image... Un des... (25) - Statistiques

Statistiques générales
  • Ce quiz a été pris 62 fois
  • Le résultat moyen est 7 sur 20
Statistiques - réponses
Par images Hint Réponse % Correct
paquebots célèbres Titanic
100%
des marques Lipton
98%
dates inoubliables 11 septembre 2001
89%
équiments du chevalier cotte de maille
59%
cathédrales de France Reims
46%
genres de peinture nature morte
44%
compagnies aériennes KLM
39%
chapeaux panama
39%
sportifs français les plus médaillés Thierry Omeyer
39%
pays du monde Haïti
30%
châteaux de France château de {Vaux-le-Vicomte}
20%
drapeaux du monde Sao Tome et Principe
20%
parcs nationaux américain Yosemite
20%
pilotes de la Grande Guerre Georges Guynemer
11%
spationautes français Jean-Loup Chrétien
11%
meubles lit {clos}
2%
ponts de Paris pont d {Arcole}
2%
chefs français Raymond Oliver
2%
outils de jardinage serfouette
2%
des sushis tamago
2%
Aucun quiz correspondant
Distribution des résultats
% des personnes avec chaque résultat
Percentile par nombre de réponses
Votre historique - résultats
Vous n’avez pas pris ce quiz